| 000 | 00986cam a2200205 i 4500 | ||
|---|---|---|---|
| 001 | 18983849 | ||
| 005 | 20241105121232.0 | ||
| 008 | 150528s2015 enk b 001 0 eng | ||
| 020 | _a9789386374578 (hardback) | ||
| 050 | 0 | 0 |
_aKD7645 _b.R87 2015 / .SI 2015 |
| 100 | 1 |
_aSutton, David St. John, _eauthor. |
|
| 245 | 1 | 0 |
_aRussell on arbitration. _cby David St. John Sutton (BA, FCI Arb), Judith Gill (QC MA (Oxon), Dip Int Arb, FCI Arb), Matthew Gearing (QC BA (Oxon), MCI Arb) |
| 250 |
_aTwenty-fourth edition / _bby David St. John Sutton (BA, FCI Arb), Judith Gill (QC MA (Oxon), Dip Int Arb, FCI Arb), Matthew Gearing (QC BA (Oxon), MCI Arb) ; with special thanks to Angeline Welsh and Kate Davies. |
||
| 260 |
_aLondon _bThomson Reuters (Professional) UK Ltd _cc2015 |
||
| 300 |
_alxxx, 766 pages ; _c24 cm _bIndex |
||
| 650 | 0 |
_aArbitration and award _zGreat Britain. |
|
| 700 | 1 |
_aGill, Judith, _d1959- _eauthor. |
|
| 700 | 1 |
_aGearing, Matthew, _eauthor. |
|
| 942 |
_2lcc _cBK _e24th Ed. _n0 |
||
| 999 |
_c628 _d628 |
||